000 00958nam a22002537a 4500
999 _c64555
_d64555
005 20240530110737.0
008 180906s2006 ua g 000 0 ara d
017 _a2006/2166
_bمصر. دار الكتب
020 _a9773512894
040 _aEG-CaGPL
_cEG-CaGPL
082 0 4 _221
_a201.6 /
_bل ح
100 1 _aلووى، ميكائيل
245 1 0 _aحول الدين والعلمانية /
_cميكائيل لووى، اوليفييه روا، موريس باربييه ؛ ترجمة بشير السباعى
250 _aط.1
260 _aالقاهرة :
_bدار ميريت،
_c2006.
300 _a87 ص. ؛
_c19 سم.
650 0 7 _2qrmak
_aالعلمانية
_xالدين
651 _2qrmak
700 1 _aروا، اوليفييه
_eمؤلف مشارك
700 1 _aباربييه، موريس
_eمؤلف مشارك
700 0 _aبشير السباعى
_eمترجم
942 _2ddc
_cBK